Metody dramatické výchovy v mateřské škole /
Dramatická výchova pracuje s příběhy, které dětem zprostředkovávají zkušenost, jež by jim jinak zůstala nedostupná . Autorky v knize postupují krok za krokem přes přehled metod, hledání látek a zdůraznění smyslu a významu pohádky v dramatické práci s předškolními dětmi k práci s příběhem....
Uloženo v:
| Hlavní autor: | |
|---|---|
| Další autoři: | |
| Médium: | Kniha |
| Jazyk: | Czech |
| Vydáno: |
Praha :
Portál,
2011
|
| Vydání: | Vyd. 1. |
| Témata: | |
| Celkem bylo vypůjčeno: | 16x |
| Tagy: |
Žádné tagy |
| LEADER | 01722nam a2200373 a 4500 | ||
|---|---|---|---|
| 001 | 75666 | ||
| 005 | 20250325173032.0 | ||
| 008 | 120510s2011----xr ---------u-------cze-d | ||
| 015 | |a cnb002233669 | ||
| 020 | |a 978-80-262-0020-8 |q (brož.) : |c 229.00 Kč | ||
| 040 | |a UOG502 |e AACR2 |9 1 |b cze | ||
| 072 | 7 | |a 373.2/.3 |x Předškolní a primární výchova a vzdělávání |2 Konspekt | |
| 080 | |a 792 | ||
| 080 | |a 373.2 | ||
| 100 | 1 | |a Svobodová, Eva, |d 1952- |7 xx0038542 |4 aut |9 44321 | |
| 245 | 1 | 0 | |a Metody dramatické výchovy v mateřské škole / |c Eva Svobodová, Hana Švejdová |
| 250 | |a Vyd. 1. | ||
| 260 | |a Praha : |b Portál, |c 2011 | ||
| 300 | |a 167 s. : |b il. ; |c 23 cm | ||
| 504 | |a Obsahuje bibliografii | ||
| 520 | 2 | |a Dramatická výchova pracuje s příběhy, které dětem zprostředkovávají zkušenost, jež by jim jinak zůstala nedostupná . Autorky v knize postupují krok za krokem přes přehled metod, hledání látek a zdůraznění smyslu a významu pohádky v dramatické práci s předškolními dětmi k práci s příběhem. | |
| 650 | 0 | 4 | |a dramatická výchova |7 ph114357 |
| 650 | 0 | 4 | |a předškolní výchova |7 ph124887 |9 1582 |
| 650 | 0 | 4 | |a mateřské školy |7 ph122683 |
| 650 | 0 | 9 | |a drama in education |7 |
| 650 | 0 | 9 | |a preschool education |7 |
| 650 | 0 | 9 | |a kindergartens |7 |
| 655 | 4 | |a metodické příručky |7 fd132826 |9 53711 | |
| 700 | 1 | |a Švejdová, Hana, |d 1960- |7 jo20000071119 |4 aut |9 19084 | |
| 901 | |b 9788026200208 |f 1. vyd. |o 20111207 | ||
| 910 | |a UOG502 | ||
| 999 | |c 75666 |d 75666 | ||
| 942 | 0 | 0 | |0 13 |
| 993 | |0 0 |1 421180076456 |4 0 |6 37_000000000000000 |7 0 |9 57589 |a 164.88 |b 0 |c 76456 |d 2012-05-10 |e 16 |f DOSP |g 37 |h 229.00 |i Kosmas Praha |j 127 |l DOSP |m 2 |r 2021-02-03 |s 2020-02-18 |t 5 |w 2017-09-19 |y KN |z NAUCNA |v B | ||